The Essential Sai: (Record no. 207316)

MARC details
000 -LEADER
fixed length control field 00667nam a22001937a 4500
005 - DATE AND TIME OF LATEST TRANSACTION
control field 20250122161356.0
010 ## - LCCN (DPL NO)
LC control number ENG-142757
020 ## - INTERNATIONAL STANDARD BOOK NUMBER
Terms of availability 60.00
International Standard Book Number 9789350690406
035 ## - SYSTEM CONTROL NUMBER
System control number EN-126289
037 ## - SOURCE OF ACQUISITION
Source of stock number/acquisition DBAD
082 ## - DEWEY DECIMAL CLASSIFICATION NUMBER
Classification number 230.35
100 ## - MAIN ENTRY--PERSONAL NAME
Personal name Sri Sathya Sai Sadhana Trust
245 ## - TITLE STATEMENT
Title The Essential Sai:
Remainder of title An Introduction to the Sacred Mission of Sri Sathya Sai Baba/
Statement of responsibility, etc by Sri Sathya Sai Sadhana Trust
250 ## - EDITION STATEMENT
Edition statement 1
260 ## - PUBLICATION, DISTRIBUTION, ETC. (IMPRINT)
Place of publication, distribution, etc A.P
Name of publisher, distributor, etc Sri Sathya sai Sadhana Trust
Date of publication, distribution, etc 2013
270 ## - ADDRESS
City Prasanthi Nilayam
Address Anantapur Distric
Postal code 515134
Electronic mail address orders@sssbpt.org
Telephone number 011-287375
Fax number 287236
300 ## - PHYSICAL DESCRIPTION
Extent 257p.
Dimensions 22cm(pb)
942 ## - ADDED ENTRY ELEMENTS (KOHA)
Source of classification or shelving scheme Dewey Decimal Classification
Item type English Books
Classification part 230.35
Call number suffix ESS
Holdings
Withdrawn status Lost status Not for loan Collection code Home library Current library Date acquired Source of acquisition Cost, normal purchase price Full call number Barcode Copy number Cost, replacement price Koha item type
      Non-fiction Ashok Vihar Ashok Vihar 02/12/2024 Delivery of Books Act Division 60.00 230.35 ESS EN-126289 1 60.00 English Books

© Delhi Public Library
Hit Counter
free hit counter